000 00325pab a2200121 454500
008 180718b xxu||||| |||| 00| 0 eng d
100 _aPerkins Stephen
245 _aReforming Romanian energy policy
362 _a(185), Dec 93-Jan 94, p.21-25
650 _aEnergy Resources - Romania
773 _aOECD Observer
909 _a26027
999 _c26027
_d26027